แสดงรายละเอียดบรรณานุกรม
  กลับหน้าหลัก

Brief Record : Get Marc (ISO 2709) : E-mail record : QR code ปิดหน้าต่าง
LEADER 00000nam 2200000uu 4500
008    110902s2554||||th 000 0 tha d
060  0 วจ WQ 160 พ733ผก 2554.
100 0  ^aพิริยากร คล้ายเพ็ชร...[และคนอื่นๆ].
245 00 ^aรายงานวิจัยเรื่อง ผลการประเมินตนเองด้านสมรรถนะหลักพยาบาลวิชาชีพ การผดุงครรภ์ชั้นหนึ่งและพฤติกรรมจริยธรรมเชิงวิชาชีพของผู้สำเร็จการศึกษา หลักสูตรพยาบาลศาสตรบัณฑิต รุ่นที่ 11 ประจำปีการศึกษา 2553 วิทยาลัยพยาบาลบรมราชชนนี ขอนแก่น./^bพิริยากร คล้ายเพ็ชร...[และคนอื่นๆ].
260    ^aขอนแก่น : ^bวิทยาลัยพยาบาลบรมราชชนนี ขอนแก่น,^c2554.
300    ^aจำนวน 46 หน้า ;^bภาพประกอบ.
650  0 ^aพยาบาล - - ^xผลการประเมิน - - ^xสมรรถนะ.
650  0 ^aพฤติกรรมจริยธรรมเชิงวิชาชีพ.
650  0 ^aวิจัย.
700 0  ^aพิริยากร คล้ายเพ็ชร.
710 1  ^aขอนแก่น. วิทยาลัยพยาบาลบรมราชชนนี.
999    ^aใช้งานได้ทุกระบบ
รายการนี้ยังไม่มีแท็ก
คุณยังไม่ได้ล็อกอิน คุณสามารถมีกิจกรรมร่วมกับเว็บไซต์ได้ แต่ต้องล็อกอินก่อน ::
  ล็อกอิน
ลำดับที่ ประเภท เลขเรียก สถานที่ สถานะ
1. งานวิจัย
งานวิจัย
วจ WQ 160 พ733ผก 2554.  
  
หนังสือทั่วไป On Shelf
  ขอยืม
2. งานวิจัย
งานวิจัย
วจ WQ 160 พ733ผก 2554. ฉ.2 
  
หนังสือทั่วไป On Shelf
  ขอยืม
   [แสดง 2/2 รายการ]

รายการใกล้เคียง
    ผู้แต่ง [พิริยากร คล้ายเพ็ชร...[และคนอื่นๆ].]

    หัวเรื่อง [วิจัย.]

BibComment


ยังไม่เคยถูกคอมเมนท์

คอมเมนท์ทรัพยากรรายการนี้
  คอมเมนท์: รายงานวิจัยเรื่อ..
Bib 206368

 
 
 

 Union Library Management : ULibM
Copyright 2026. All Rights Reserved.
скачать бесплатно без регистрации порно красивый секс HD Sex Hindi sex

xxx gou

xxxx

bfxxx

xxxwww

Секса Видео

xxxx

Секса Видео

detube

geilexxx

C99 Shell

worms shell

blod xxx video
Ebony Coed Rihanna Rimes Takes A Dick In Her Young Twat priyaa indian fuck anal and pusssy hardcore indian women xxx desi hardcore fucking part 1 bengalixxxcouple